<?xml version="1.0" encoding="UTF-8"?>
<record
    xmlns:xsi="http://www.w3.org/2001/XMLSchema-instance"
    xsi:schemaLocation="http://www.loc.gov/MARC21/slim http://www.loc.gov/standards/marcxml/schema/MARC21slim.xsd"
    xmlns="http://www.loc.gov/MARC21/slim">

  <leader>01346cam a22002411a 4500</leader>
  <controlfield tag="001">he 67001691 </controlfield>
  <controlfield tag="003">DLC</controlfield>
  <controlfield tag="005">20260227111449.0</controlfield>
  <controlfield tag="008">851119s1966    is            000 0 heb  </controlfield>
  <datafield tag="010" ind1=" " ind2=" ">
    <subfield code="a">he 67001691 </subfield>
  </datafield>
  <datafield tag="025" ind1=" " ind2=" ">
    <subfield code="a">PL480:Is-4116</subfield>
  </datafield>
  <datafield tag="035" ind1=" " ind2=" ">
    <subfield code="a">(OCoLC)12819519</subfield>
  </datafield>
  <datafield tag="040" ind1=" " ind2=" ">
    <subfield code="a">DLC</subfield>
    <subfield code="c">WaU</subfield>
    <subfield code="d">WaU</subfield>
    <subfield code="d">DLC</subfield>
  </datafield>
  <datafield tag="042" ind1=" " ind2=" ">
    <subfield code="a">premarc</subfield>
  </datafield>
  <datafield tag="050" ind1="0" ind2="0">
    <subfield code="a">PJ5053.S29</subfield>
    <subfield code="b">B4</subfield>
  </datafield>
  <datafield tag="100" ind1="1" ind2=" ">
    <subfield code="a">Sadan, Dov,</subfield>
    <subfield code="d">1902-1989.</subfield>
  </datafield>
  <datafield tag="245" ind1="1" ind2="0">
    <subfield code="a">Be-tsetekha uve-oholekha :</subfield>
    <subfield code="b">minyan &#x1E25;e&#x1E33;eri-sifrut /</subfield>
    <subfield code="c">Dov Sadan.</subfield>
  </datafield>
  <datafield tag="260" ind1=" " ind2=" ">
    <subfield code="a">[Tel-Aviv] :</subfield>
    <subfield code="b">Agudat ha-Sofrim be-Yi&#x15B;ra&#x2BC;el li-Yad Hotsa&#x2BC;at Masadah,</subfield>
    <subfield code="c">[1966]</subfield>
  </datafield>
  <datafield tag="300" ind1=" " ind2=" ">
    <subfield code="a">147 p. ;</subfield>
    <subfield code="c">23 cm.</subfield>
  </datafield>
  <datafield tag="440" ind1=" " ind2="0">
    <subfield code="a">Sifriyat ma&#x1E33;or</subfield>
  </datafield>
  <datafield tag="500" ind1=" " ind2=" ">
    <subfield code="a">"Pirsumetim te&#x1E25;ilah, bi-ma&#x1E6D;bea&#x2BB; &#x1E33;etsar ... bi-&#x2BB;itunim uvi-kitve-et ('Davar,' 'Zemanim,' 'ha-Po&#x2BB;el ha-Tsa&#x2BB;ir,' 'Ma&#x1E25;berut li-Sifrut,' 'Molad,' 'Tsu&#x1E33;unf&#x1E6D;'), ve-&#x2BB;atah ani miparsemem bi-ma&#x1E6D;bea&#x2BB; arokh."</subfield>
  </datafield>
  <datafield tag="505" ind1="0" ind2=" ">
    <subfield code="a">Be-tsetekha uve-oholekha; li-toladot sismah ve-shuvarah -- Bi-kolim / She&#x2BC;olim -- Sham erets moledet -- Gilgulo shel gilgul; pizmon ve-shoreshav -- &#x2BB;Al im ha-derekh; li-derekho shel shir-&#x2BB;am ve-shelu&#x1E25;otav -- Otsaro shel &#x2BB;olam; li-rishumah shel imeret &#x2BB;am -- &#x2BB;Al &#x1E25;atsatsim; temunah, ve-sa&#x2BB;ifih -- Medanim bayn a&#x1E25;im; bayn shirah, masoret ve-sipur -- Kohen ve-Elohav; derekh mashal ve-shevilav -- Le-&#x15B;o &#x1E25;ayiti; le-&#x1E25;eshbon nefsho shel dor.</subfield>
  </datafield>
  <datafield tag="999" ind1=" " ind2=" ">
    <subfield code="c">32609</subfield>
    <subfield code="d">32609</subfield>
  </datafield>
</record>
